One Subcategory in 15 Categories - Europe Quiz Stats

 Plays Quiz Updated Dec 11, 2018

     
Support Sporcle.
Go Orange.
Score 0/15 Timer 05:00
1 Play Today
Question Answer Wrong Answers
SPORTS: Which football team won the UEFA European Champions League (and its predecessor, the European Cup) most often? Real Madrid
74.7%
A.C. Milan
3.9%
Bayern Munich
5.3%
FC Barcelona
15.8%
ENTERTAINMENT: Which of these musicals is not set in Europe? Evita
67.3%
Fiddler on the Roof
10.2%
A Funny Thing Happened on the Way to the Forum
12.1%
The Sound of Music
4.5%
LITERATURE: Which British writer is the best-selling author of the 20th century? Agatha Christie
67.1%
Barbara Cartland
8%
Enid Blyton
7.1%
Jackie Collins
13.2%
MISCELLANEOUS: Which of these car companies was not founded in Germany? Volvo
66.5%
Audi
3.2%
Opel
13.3%
Porsche
13.4%
GEOGRAPHY: Transcontinental countries excluded, what is the largest European country by landmass? Ukraine
65.5%
Germany
19.7%
Spain
6%
Sweden
8.6%
LANGUAGE: Which of these is not the Spanish name for a European country? Atenas
62.8%
Alemania
7.5%
Suiza
9.8%
Noruega
15%
RELIGION: Which of these European countries does not have a predominantly (>50%) Muslim population? Montenegro
56.7%
Turkey
4.5%
Kosovo
15.5%
Albania
17%
HOLIDAY: Which two European countries do not have an official National Day? Denmark & United Kingdom
51.1%
Austria & Spain
6.7%
Poland & Serbia
8.8%
Malta & Moldova
26.7%
MUSIC: Which of these bands is not from Sweden? a-ha
50.9%
Ace of Base
20.7%
Abba
2.4%
Roxette
25.3%
HISTORY: Which of these European countries was the most recent to abolish its monarchy? Greece
45.3%
Ireland
9.5%
Austria
24.5%
Italy
16.7%
JUST FOR FUN: Which of these is not an anagram of a European capital city minus one letter? litre
40.6%
naive
16%
garbled
20.8%
bison
19.3%
MOVIES: Which of these nominated European films won the Academy Award for Best Foreign Language Film? Life is Beautiful
38.5%
Amélie
35.8%
Pan's Labyrinth
17.2%
Downfall
6.8%
TELEVISION: Which TV format did not originate in the Netherlands? Survivor
37.2%
Big Brother
14.3%
The Voice
24.2%
Deal or No Deal
22.1%
GAMING: Which character from Street Fighter II is from a European country? Vega
36.6%
Blanka
23.7%
Ken
11.6%
Balrog
22.4%
SCIENCE: What is not the symbol for one of the chemical elements named after the Swedish city of Ytterby? Ym
30.9%
Y
18.3%
Tb
24%
Er
21.6%

From the Vault

Layers of the Atmosphere

by Derek

Science 60s
Quick! Name other things with layers: onions, parfaits, my fragile emotional psyche...
Remove Ads.
Support Sporcle.
Get the best of Sporcle when you Go Orange. This ad-free experience offers more features, more stats, and more fun while also helping to support Sporcle. Thank you for becoming a member.

Show Comments

Extras

Top Quizzes Today


Score Distribution

Your Account Isn't Verified!

In order to create a playlist on Sporcle, you need to verify the email address you used during registration. Go to your Sporcle Settings to finish the process.

Report this User

Report this user for behavior that violates our Community Guidelines.

Details: